LDR 01014naa#a2200181#i#450# 001 RU\\bibl\121472 005 20260515094454.5 011 ## _a1994-4683 100 ## _a20230531b2023####ek#y0rusy0150####ca 102 ## _aRU 200 1# _aПЕДАГОГИЧЕСКАЯ ПОДДЕРЖКА МЛАДШИХ ШКОЛЬНИКОВ С ПРОБЛЕМАМИ СОЦИАЛИЗАЦИИ В ОБРАЗОВАТЕЛЬНОМ ПРОЦЕССЕ _eЖурнальная статья 210 1# _aМосква _cНациональный государственный Университет физической культуры, спорта и здоровья им. П.Ф. Лесгафта _d2023 215 ## _a4 с. 608 ## _aЖурнальная статья _2local 675 ## _aОбщественные проблемы обучения и воспитания. Контакты учебного заведения с учащимися. 37.06 _z 700 #1 _aУрусова _gЗ М 700 #1 _aУзденова _gЗ К 856 4# _auchzapiski.lesgaft.spb.ru _u